[Event "IND-chT 40th"]
[Site "Ahmedabad"]
[Date "2020.02.11"]
[Round "7.1"]
[White "Adhiban, Baskaran"]
[Black "Narayanan, Srinath"]
[Result "1-0"]
[WhiteElo "2654"]
[BlackElo "2535"]
[Annotator "Adhiban,B"]
[PlyCount "103"]
[EventDate "2020.02.07"]
[EventType "team-swiss"]
[EventRounds "9"]
[EventCountry "IND"]
[SourceTitle "CBM 194 Extra"]
[Source "ChessBase"]
[SourceDate "2020.03.31"]
[SourceVersion "1"]
[SourceVersionDate "2020.03.31"]
[SourceQuality "1"]
[WhiteTeam "Petroleum Sports"]
[BlackTeam "Air India"]
[WhiteTeamCountry "IND"]
[BlackTeamCountry "IND"]

{My opponent, although a good friend, was a direct competitor for the gold
medal on board 1!} 1. d4 Nf6 2. c4 e6 3. Nf3 d5 4. Nc3 Bb4 5. e3 O-O 6. Bd2 b6
7. cxd5 exd5 8. Rc1 Bb7 9. Bd3 {Here Srinath went into Zen state for some
minutes and finally decided to follow the way shown by another fellow
countryman!} Be7 10. O-O c5 {The idea is to develop the knight to c6 where it
will be more actively placed and directly aimed against the Ne5 plan.} 11. dxc5
$5 (11. Ne5 Nc6 {The point!} 12. a3 Bd6 13. Ng4 Ne8 $1 14. f4 f5 15. Ne5 cxd4
16. Nxc6 Bxc6 17. exd4 Qd7 18. Qb3 Nc7 {Black was more than fine in
Bluebaum-Vidit, Fide Grand Swiss 2019.}) 11... bxc5 12. Re1 {This has happened
in a handful of games.} Nc6 ({The only line where Black managed to win was} 
12... Na6 $5 13. Bb1 Re8 14. b3 Bf8 15. Ne2 Ne4 {Black was superior in
Aczel-Almasi, Budapest 2018.}) 13. Bb1 $5 Rc8 $146 (13... Rb8 $5 14. e4 dxe4
15. Nxe4 Nd4 16. Bc3 Nxe4 17. Bxe4 Bf6 {was equal in (Rakhmanov-Sargissian
Moscow 2019)}) (13... Re8 14. e4 dxe4 15. Nxe4 Nd4 16. Nxd4 $5 (16. Bc3 Nxe4
17. Bxe4 Bxe4 18. Rxe4 Qd5 {ended in a tame draw (Vitiugov-Inarkiev Satka 2018)
}) 16... cxd4 17. Qa4 $5 Nxe4 18. Bxe4 Bxe4 19. Rxe4 Bf6 20. Ba5 Qb8 21. Rxe8+
Qxe8 22. Qxe8+ Rxe8 23. Kf1 {White eventually managed to convert the queenside
majority in Rakhmanov-Rozum, Khanty-Mansiysk 2019.}) 14. e4 {Looked most
natural.} (14. Bf5 Rb8 15. Na4 (15. e4 dxe4 16. Nxe4 Nd4 {[%csl Rf5]} 17. Nxd4
cxd4 {looks fine for Black.}) 15... Ne4 16. Bc3 $5 {was probably an
interesting option.}) 14... dxe4 15. Nxe4 Nd4 16. Bc3 Nxe4 17. Bxe4 Bxe4 18.
Rxe4 Bf6 19. b3 {I decided that this was more useful than Qd3.} (19. Bxd4 cxd4
20. Rxc8 Qxc8 {I didn't want to enter this yet due to the presence of the
rooks.}) 19... Re8 (19... Qd5 {looked somewhat easier.}) 20. Rxe8+ Qxe8 21.
Bxd4 $1 {Now it is time to enter the endgame!} cxd4 22. Rxc8 Qxc8 23. Ne1 $1 {
I was happy to play this endgame, due to the superior combo of knight + queen
vs bishop + queen.} g6 24. h3 {Just getting rid of any back rank issue :)} h5
25. Nd3 Qc3 (25... h4 $1 {was possibly the better move fixing the pawn
structure.}) 26. g4 $1 {Of course! Preparing Qf3 next.} hxg4 27. hxg4 Be7 (
27... Qc6 $5 {I thought it was important to prevent the activation of my queen
from f3.}) 28. Qf3 Bd6 29. Kg2 Qc2 30. Qa8+ $1 {An important move provoking
the king to g7 or h7.} Kh7 (30... Kg7 31. Qe4 {[%csl Rd4] is one of the points.
}) 31. Qe4 Qxa2 {I thought this was not possible.} (31... Qc3 {looked safer
and I can probably eventually get the pawns rolling on the queenside.}) 32. Qd5
Qe2 33. Qxf7+ Kh6 34. Qf3 Qe6 (34... Qxf3+ 35. Kxf3 Kg5 36. b4 $1 {[%cal Gb4b5]
} a6 37. Nc5 Bxc5 38. bxc5 Kf6 39. Ke4 g5 (39... a5 40. Kxd4 a4 41. Kc4 Ke6 (
41... Ke5 42. f4+ $1) 42. f4 a3 43. Kb3 Kd5 44. f5 gxf5 45. g5 {White is
faster.}) 40. Kxd4 a5 41. Kc4 {wins.}) 35. b4 $1 {Preparing b5 or Nc5.} Kg5 36.
Kh3 a6 (36... Qg8 $5 {I thought was good but didn't look so dangerous.} 37. Nc5
Qh7+ 38. Kg2 Qh2+ 39. Kf1 {and no more checks.}) 37. Nc5 Bxc5 38. bxc5 d3 (
38... Qc4 $5 {was maybe a better try.}) 39. Qxd3 (39. c6 {was my original
intention, but I didn't like} Qd6 $1 {after which Black seemed to be holding.})
39... Qxg4+ 40. Kh2 Qh4+ (40... Qe6 $1 {was the right way and Black can hold
this endgame with precise play.}) 41. Kg2 Qg4+ 42. Kf1 Qe6 43. Qc3 $1 Qc6 44.
Qe5+ $1 {An important move kicking the queen farther away from the pawn and
preparing Qd6.} Kg4 45. Kg1 $1 {No more checks!} a5 46. Qd6 Qe4 47. c6 Qe1+ 48.
Kg2 Qe4+ 49. Kh2 Kh5 50. c7 Qh4+ 51. Kg1 Qg4+ 52. Qg3 {After the game I found
that this game accuracy level was 100%!! Something to be proud of!} 1-0

[Event "CCA-ICC op"]
[Site "Lake George"]
[Date "2005.05.12"]
[Round "2"]
[White "Atalik, Suat"]
[Black "Izoria, Zviad"]
[Result "1/2-1/2"]
[WhiteElo "2561"]
[BlackElo "2602"]
[Annotator "Atalik,S"]
[PlyCount "38"]
[EventDate "2005.05.11"]
[EventType "swiss"]
[EventRounds "9"]
[EventCountry "USA"]
[SourceTitle "CBM 106 Extra"]
[Source "ChessBase"]
[SourceDate "2005.07.01"]
[SourceVersion "1"]
[SourceVersionDate "2005.07.01"]
[SourceQuality "1"]

1. d4 Nf6 2. c4 e6 3. Nf3 d5 4. Nc3 Bb4 5. e3 $5 {transposing the game into
the lines of Nimzo-Indian.} O-O 6. Bd2 $5 {This is what 'Kortschnoj' does. I
was still under the influence of Chess is My Life and Anti-Chess!} c5 $5 {
I always thought that I will have some advatange after this. But things are
not easy.} (6... b6 7. Bd3 Bb7 8. Qe2 $14) 7. a3 (7. cxd5 cxd4 8. Nxd4 Nxd5 9.
Nxd5 Bxd2+ 10. Qxd2 Qxd5 11. Nb5 Qxd2+ 12. Kxd2 Rd8+ 13. Bd3 Nc6 $11) 7... Bxc3
(7... cxd4 8. axb4 dxc3 9. Bxc3 Ne4 10. cxd5 $14) 8. Bxc3 cxd4 (8... Ne4 9. Rc1
$14) 9. Bxd4 $6 (9. Nxd4 {Whatever happens I had to try} Ne4 10. Bb4 Re8 11.
cxd5 a5 $1 12. Bc3 Nxc3 13. bxc3 Qxd5 (13... exd5 14. Bb5 Bd7 15. Qa4 Nc6 $1
16. O-O $14) 14. Nb5 Qg5 $13) (9. Qxd4 Nc6 10. Qh4 Ne4 11. Qxd8 Rxd8 $11) 9...
Nc6 10. cxd5 Nxd4 11. Qxd4 Qxd5 12. Qxd5 Nxd5 13. Bd3 Rd8 14. Ke2 Bd7 (14... b6
$5 $11 {appeals to me even more than the move he has chosen.}) 15. Rac1 Rac8
16. Rxc8 Rxc8 17. Kd2 Kf8 18. Rc1 Rxc1 19. Kxc1 b6 (19... b6 {Here he offered
a draw, maybe even for a second time because somewhere during the exchanges I
had the impression that he has done it a first time. However I was not sure,
besides I did not care.} 20. Be4 {I could have continued against the future 50.
000$ man but there is really little in the position.} (20. Ne5 Be8 21. Be4 Ne7
22. Kd2 f6 23. Nc4 Bc6 24. Kd3 Ke8 25. Bxc6+ Nxc6 $11) 20... Ne7 21. Kd2 Bc6
22. Kd3 Ke8 23. Bxc6+ Nxc6 24. Kc4 a6 25. b4 Na7 26. a4 f6 27. Nd4 Kd7 $11)
1/2-1/2

[Event "North American op 30th"]
[Site "Stillwater"]
[Date "2011.05.28"]
[Round "4"]
[White "Atalik, Suat"]
[Black "Yermolinsky, Alex"]
[Result "1/2-1/2"]
[WhiteElo "2616"]
[BlackElo "2530"]
[Annotator "Atalik,S"]
[PlyCount "79"]
[EventDate "2011.05.27"]
[EventType "swiss"]
[EventRounds "11"]
[EventCountry "USA"]
[SourceTitle "CBM 142 Extra"]
[Source "ChessBase"]
[SourceDate "2011.06.27"]
[SourceVersion "1"]
[SourceVersionDate "2011.06.27"]
[SourceQuality "1"]

1. d4 Nf6 2. c4 e6 3. Nc3 Bb4 {The Nimzo-Indian Defence which Alex likes,
shaped the flow this encounter.} 4. e3 {In year 2012, I have decided to always
put my knight on f3 and my bishop on d3.} d5 $5 {An interesting line,possibly
preventing many systems with early Nge2.} (4... Nc6 5. Nf3 Bxc3+ 6. bxc3 d6 7.
Bd3 O-O 8. O-O e5 9. Nd2 Re8 10. Qc2 Qe7 11. f3 $14) (4... c5 5. Nf3 Nc6 6. Bd3
Bxc3+ 7. bxc3 d6 {The start of the notorious Huebner System.} 8. O-O (8. e4 e5
9. h3 h6 10. Be3 b6 11. d5 Ne7 12. Nd2 g5 (12... Ng6 13. g3 O-O 14. Qc2 Bd7 15.
Nf1 Nh7 16. h4 Ne7 17. Nd2 f5 18. exf5 Bxf5 19. g4 Bxd3 20. Qxd3 $14) (12...
Nh7 13. h4 $5) 13. Nf1 Ng6 14. g3 Bd7 15. Bd2 Qe7 16. Ne3 $14) 8... e5 9. Nd2
O-O 10. Rb1 b6 11. h3 Bd7 12. f4 exd4 13. cxd4 cxd4 14. e4 Re8 15. Re1 $44) (
4... b6 5. Bd3 Bb7 6. Nf3 O-O (6... Ne4 7. O-O Bxc3 8. bxc3 O-O 9. Ne1 f5 10.
f3 Nf6 (10... Ng5 11. Nc2 d6 12. Qe2 Nd7 13. e4 fxe4 14. Bxg5 Qxg5 15. Bxe4
Bxe4 16. Qxe4 $16) 11. Nc2 c5 12. Qe2 d6 13. e4 fxe4 14. fxe4 Nbd7 15. Bg5 Qc7
16. Kh1 $14) 7. O-O c5 8. Na4 cxd4 9. exd4 Be7 (9... Re8 10. Bg5) (9... Qc7 10.
Be3 $5 $14) 10. Re1 d6 (10... Re8 11. Bg5 d6 12. Nc3 Nbd7 13. b4 $14) 11. b4
Nbd7 12. Bb2 Re8 13. Nc3 Rc8 14. Nd2 Qc7 15. a4 $14) (4... O-O 5. Bd3 d5 6. Nf3
c5 (6... b6 7. O-O Bb7 (7... Ba6 8. cxd5 Bxd3 9. Qxd3 exd5 10. a3 Be7 11. b4 c6
12. Bb2 $16) 8. cxd5 exd5 9. a3 Bd6 (9... Be7 10. b4 Nbd7 11. Qb3 c6 12. a4 a5
13. bxa5 Rxa5 14. Ba3 c5 15. Bb5 $14) 10. b4 a6 11. Qb3 Qe7 12. Rb1 Nbd7 13. a4
Ne4 14. Bb2 Ndf6 15. b5 $14) 7. O-O Nc6 (7... dxc4 8. Bxc4 Nbd7 (8... Bd7 9.
Qe2 Bc6 10. Rd1 Qe7 11. a3 Ba5 12. Bd2 Bxf3 13. Qxf3 Nc6 14. dxc5 Qxc5 15. Bf1
$14) (8... a6 9. a3 Ba5 10. dxc5 Bxc3 11. bxc3 Qa5 12. a4 $14) (8... Qe7 9. a3
Ba5 10. Qc2 $1 Bd7 11. Ba2 Rc8 12. Bd2 cxd4 13. exd4 h6 (13... Bc6 $2 14. d5 $1
) 14. Rfe1 Qd8 15. Qd3 Nc6 16. Rad1 Be8 17. Bb1 Ne7 $14) (8... b6 9. a3 Bxc3
10. bxc3 Bb7 11. Bd3 Qc7 (11... Nbd7 12. Re1 Ne4 (12... Be4 13. Bxe4 Nxe4 14.
Qd3 Ndf6 15. c4 Qc7 16. Bb2 Rfd8 17. Rac1 Rac8 18. h3 $14) 13. Bb2 $14) 12. Re1
Be4 13. Bxe4 Nxe4 14. Qd3 Qb7 15. c4 Nd7 16. Bb2 Ndf6 17. Rad1 $14) (8... cxd4
9. exd4 Nbd7 (9... a6 10. a3 Bxc3 11. bxc3 b5 (11... Qc7 12. Bd3 Qxc3 13. Bf4
Nc6 14. Re1 Nd5 (14... h6 15. Bd6 Rd8 16. Bc7 Rd7 17. Re3 Qb2 18. Rb1 Qa2 19.
Ne5 Nd5 20. Nxd7 Bxd7 21. Rxb7 Nxe3 22. fxe3 Nxd4 23. Be5 Bc6 24. Qg4 Qa1+ 25.
Kf2 Qa2+ $11) 15. Bd6 Rd8 16. Bxh7+ Kxh7 17. Ng5+ Kg6 18. Ne4 Qxe1+ 19. Qxe1 f5
20. f3 fxe4 21. fxe4 Nf6 22. e5 Rxd6 23. Qg3+ Kh7 24. exd6 $13) 12. Bd3 Bb7 13.
a4 Qd5 14. axb5 axb5 15. Rb1 Bc6 16. Re1 Nbd7 17. Qe2 Ra2 18. Qf1 Ng4 19. Re2
$14) (9... b6 10. Bg5 Bb7 11. Re1 Nbd7 (11... Nc6 12. a3 Be7 13. Qd3 $40) 12.
Rc1 Rc8 13. Bd3 $5 Bxc3 $5 14. bxc3 Qc7 15. Bh4 Qd6 16. Bg3 Qa3 17. Qb3 Qxb3
18. axb3 $14)) 9. a3 cxd4 (9... Ba5 10. Nb5 $14) 10. axb4 dxc3 11. bxc3 Qc7 12.
Be2 Nd5 (12... Qxc3 13. Rb1 Qc7 14. Bb2 $44) 13. Ba3 $44) (7... Nbd7 8. cxd5
exd5 9. a3 Bxc3 10. bxc3 Re8 11. Nd2 $14) (7... b6 8. cxd5 exd5 9. dxc5 bxc5
10. Ne2 Nc6 11. b3 Bg4 12. Bb2 d4 $3 {This is an amazing line by the master of
isolated and hanging pawns Paul Keres.} (12... Ne4 $2 13. a3 Ba5 14. Qc2 Bxf3 (
14... Qe7 15. Ng3 f5 16. b4) 15. gxf3 Nd2 16. b4 Nxf1 17. bxa5 Nxe3 18. fxe3
$18) 13. exd4 Bxf3 14. gxf3 Nxd4 15. Nxd4 cxd4 16. Bxd4 Nh5 17. Kh1 Qh4 18. Be5
Rad8 19. Rc1 Qh3 (19... Nf4 20. Bxf4 Qxf4 21. Rc4) 20. Bg3 Qd7 21. Rc4 a5 22.
Bc2 Qh3 23. Bd3 $11) 8. a3 (8. cxd5 exd5 9. dxc5 Bxc5 10. b3 a6 11. Bb2 Bg4 12.
h3 Bh5 13. Be2 Ba7 14. Nh4 $14) 8... Bxc3 (8... dxc4 9. axb4 cxd4 10. Bxc4 dxc3
11. bxc3 Qc7 12. Be2 b6 13. Bb2 Bb7 14. Qb3 $14) (8... Ba5 9. cxd5 exd5 10.
dxc5 Bxc3 11. bxc3 Bg4 12. c4 Ne5 13. Bb2 (13. cxd5 Bxf3 14. gxf3 Nxd5 (14...
Qxd5 $2 15. Be2 Qxc5 16. Bb2 Rad8 17. Bd4 Qc8 18. Qb3 $16) 15. f4 Nxd3 16. Qxd3
Qf6 17. Bb2 Nxf4 18. Bxf6 Nxd3 19. Bd4 Rfc8 20. Rfb1 $11) 13... Nxf3+ 14. gxf3
Bh3 15. cxd5 Qxd5 16. Bxf6 gxf6 17. Kh1 Rfd8 18. Rg1+ Kh8 19. Be2 Qxc5 20. Qa4
$11) 9. bxc3 Qc7 (9... b6 10. cxd5 exd5 11. Nd2 $5 Re8 12. Re1 Bb7 13. f3 Qc7
14. Bb2 $13) (9... dxc4 10. Bxc4 Qc7 11. h3 b6 12. Bd3 e5 13. Qc2 Rd8 14. e4 c4
15. Bxc4 exd4 16. Bd3 dxc3 17. Qxc3 $14) 10. h3 dxc4 11. Bxc4 e5 (11... b6 12.
Bd3 e5 13. Qc2 Bb7 14. e4 c4 15. Bxc4 exd4 16. Bd3 dxc3 17. Qxc3 Rac8 18. Bb2
Rfe8 $14) 12. Bb2 Bf5 13. Bb5 e4 14. Nd2 Rfd8 15. Qe2 a6 16. Bxc6 Qxc6 17. c4
cxd4 18. Bxd4 Nd7 19. Rfb1 Qg6 20. Kh1 b6 21. a4 a5 22. Rb5 $14) 5. a3 $1 {
This was supposed to be the best. However the judgement is academic.} (5. Nf3
c5 6. a3 Bxc3+ 7. bxc3 O-O 8. Bb2 Nc6 9. Rc1 $5 $13 {could be tried.}) 5... Be7
$5 {There is alot to say about this move.Conceivably black intended to take on
c3 after having played Bb4 but since White has already shut his bishop on c1 a
retreat has also its merits.} (5... Bxc3+ 6. bxc3 c5 7. cxd5 exd5 8. Bd3 O-O 9.
Ne2 b6 10. O-O Ba6 {Since Botvinnik-Capablanca,AVRO 1938 this position is
considered to be better for White.However once again due to imbalanced pawn
structure,it is very difficult to handle such positions.} 11. f3 (11. Bxa6 Nxa6
12. f3 Re8 13. Ng3 Nc7 14. Qd3 Ne6 15. Bb2 Rc8 16. Rad1 Qc7 17. Rf2 $13) 11...
Re8 12. Ng3 Bxd3 13. Qxd3 Nc6 14. Bb2 (14. Ra2 Qd7 15. Re2 Re6 16. Bb2 Rd8 17.
Rd1 Ne7 18. e4 Qa4 $13 {is not as easy as it seems.}) 14... c4 15. Qd2 h5 16.
Rae1 h4 17. Nh1 (17. Nf5 $6 Ne7 $1 {is the trick.}) 17... Re6 18. Nf2 Qe7 19.
Re2 Re8 20. Rfe1 Nh5 21. e4 Na5 22. Bc1 Nb3 23. Qg5 Nxc1 24. Qxc1 $13 {and
once again it is not clear at least to me if White is better despite of having
succeeded to push e4.}) (5... Bd6 $5) 6. Nf3 O-O 7. b4 {The most obvious move
although there are alernatives.} (7. b3 $5 c5 8. Bd3 cxd4 9. exd4 Nc6 10. O-O
b6 11. Bb2 Bb7 12. Rc1 Rc8 13. Re1 $14) (7. Bd3 $5 {is what I had with Eljanov
once.} Nbd7 (7... dxc4 8. Bxc4 c5 9. O-O $14 (9. dxc5 $5 Qxd1+ 10. Kxd1 Bxc5
$14 {Averbakh has won it once.})) (7... b6 8. cxd5 exd5 9. b4 $14 {and it is
worse for Black to have Be7 rather than Bd6 .}) 8. O-O (8. e4 $6 dxe4 9. Nxe4
c5 (9... b6 10. Qc2 Bb7 11. Be3 c5 12. Nxf6+ Nxf6 13. dxc5 Bxc5 $36) 10. Nxc5
Bxc5 (10... Nxc5 11. dxc5 Bxc5 12. O-O $14) 11. dxc5 Nxc5 12. Bc2 Qxd1+ 13.
Bxd1 e5 14. Bc2 $14) 8... c5 9. cxd5 exd5 10. Bc2 $1 $14) 7... a5 $5 (7... Nbd7
{was subject to some Botvinnik-Reshevsky games.} 8. Bd3 (8. Bb2 c6 9. Qc2 dxc4
10. Bxc4 a5 11. b5 Nb6 12. Bd3 cxb5 13. Nxb5 Bd7 14. O-O Rc8 15. Qe2 Na4 $1
$132 {is the main idea behinds Black's play.}) (8. c5 c6 9. Bd3 b6 10. O-O a5
11. Bb2 Ba6 12. Bxa6 Rxa6 13. b5 cxb5 14. c6 Nb8 15. Ne5 b4 16. Nb5 Ne8 {
should give White compensation.}) 8... c6 9. O-O $13) 8. b5 c5 9. dxc5 $146 {
I still think that my move is the proper one.} (9. bxc6 bxc6 $13 (9... Nxc6 10.
Bb2 b6 $14)) 9... Bxc5 (9... Nbd7 $6 10. c6 bxc6 11. bxc6 Nc5 12. Rb1 $1 (12.
cxd5 $2 Nxd5 13. Nxd5 exd5 14. Nd4 Bf6 15. Bb2 Rb8 16. Qc2 Rxb2 17. Qxb2 Bxd4
18. Qxd4 Nb3 19. Qc3 Nxa1 20. Qxa1 Qb6 $11)) 10. Bb2 b6 11. cxd5 exd5 12. Bd3
Bb7 $6 {This forces Black to part with his bishop.} (12... Be6 $142 {a la
Janowski. Capablanca-Janowski,San Sebastian 1911.}) (12... Nbd7 13. O-O Bb7 14.
Bf5 Bd6 15. Na4 Nc5 16. Rc1 $14) 13. Na4 $1 Nbd7 (13... Be7 14. Nd4 g6 15. h4
$40) (13... Bd6 $2 14. Bxf6 gxf6 15. Nd4 $18) 14. Nxc5 bxc5 (14... Nxc5 15. a4
$14) 15. a4 (15. O-O $6 a4 $132) 15... Ne4 (15... d4 $5 16. O-O (16. exd4 $2
Re8+ 17. Kf1 Nd5 $5 $44) 16... dxe3 17. fxe3 $40 Ng4 18. Qc2 Ndf6 19. Rae1 $40)
16. O-O Ndf6 17. Ne5 Rc8 $5 {A very tricky move.} (17... c4 $6 18. Bc2 (18.
Bxe4 Nxe4 19. f3 Ng5 $14) 18... c3 19. Ba3 Re8 20. Qd4 $16) 18. f3 $2 {I
failed to see the point of Alex's previous move} (18. Bc2 $142 $1 $16 {keeps
the bishops back.}) 18... c4 $1 {Draw offer.} 19. fxe4 (19. Bc2 c3 20. Ba3 Nd2
21. Bxf8 Nxf1 $36 22. Kxf1 Qxf8 23. Qd4 Qd6 $13) 19... cxd3 20. Nxd3 (20. Qxd3
Nxe4 $13) 20... Nxe4 21. Qg4 f6 22. Qe6+ Kh8 23. Bd4 {Going for b6 after which
a5 will become a target.} Re8 24. Qb6 Qxb6 25. Bxb6 Nd2 26. Rfc1 {After a long
thought.} (26. Rfe1 $5 Nc4 27. Bd4 $16) 26... Nb3 {Active.} (26... Rc4 $2 27.
Nc5 Rc8 28. Bxa5 R8xc5 29. Bxd2) (26... Nc4 $5 27. Bd4 Kg8 28. Nc5 Re7 29. Rc3
Kf7 30. Rac1 Ba8 31. Kf2 h5 $132) 27. Rxc8 Rxc8 28. Ra3 Rc3 29. Nf4 (29. Ne1 d4
$1 30. exd4 Nxd4 31. Ra2 (31. Rxc3 Ne2+ 32. Kf2 Nxc3 33. Bxa5 Nxa4 34. Nd3 Kg8
$11) 31... Nb3 $11) (29. Rxb3 $2 Rxb3 30. Nc5 Rb1+ 31. Kf2 Bc6 $3 $19) 29...
Rc1+ 30. Kf2 Nd2 $6 {Alex could have immediately equalized.} (30... Rc2+ $142
$1 31. Ke1 (31. Kg3 $2 Nd2) 31... Rc1+ 32. Ke2 Rc3 $1 $11) 31. Bxa5 $2 {
At this very moment I sort of became braindead.} ({I had to devise a plan to
push my b-pawn with} 31. Bd4 $142 Rc2 32. Ke1 Nc4 33. Rb3 Kg8 34. Nd3 $1 $40)
31... Nc4 32. Rc3 Ra1 33. Bc7 Rxa4 34. Rc2 (34. Rd3 Ra2+ 35. Kg3 Rb2 36. Nxd5
Kg8 $1 $11) 34... Rb4 35. b6 Nxb6 36. Bxb6 Rxb6 37. Rc7 Kg8 {Draw offer.} 38.
g4 (38. Nh5 g6 39. Nf4 $44 g5 (39... Bc6 40. h4) 40. Nh5 h6 41. g4 Ba6) 38...
Ba6 $1 39. Nxd5 Rb7 40. Rxb7 {Draw agreed on White's offer.} ({Even the pawn
endgame is a draw after} 40. Rxb7 Bxb7 41. e4 Kf7 42. Ke3 Bxd5 43. exd5 Ke7 44.
Kd4 Kd6 45. h4 g6 46. Ke4 f5+ 47. gxf5 gxf5+ $11) 1/2-1/2

[Event "EU-ch U21"]
[Site "Groningen"]
[Date "1985.12.26"]
[Round "8"]
[White "Zysk, Robert"]
[Black "Blatny, Pavel"]
[Result "1/2-1/2"]
[WhiteElo "2340"]
[BlackElo "2395"]
[Annotator "Blatny,P"]
[PlyCount "71"]
[EventDate "1985.12.18"]
[EventType "swiss"]
[EventRounds "13"]
[EventCountry "NED"]
[SourceTitle "EXT 2000"]
[Source "ChessBase"]
[SourceDate "1999.11.16"]
[SourceVersion "1"]
[SourceVersionDate "1999.11.16"]
[SourceQuality "1"]

1. d4 Nf6 2. c4 e6 3. Nc3 d5 4. Nf3 Bb4 5. e3 (5. Qb3 c5 6. a3 Bxc3+ 7. bxc3
O-O 8. Bg5 cxd4 9. cxd4 Nc6 $14 {[Montocelli - Marshall, ol Prag 1931]}) (5.
Bg5) 5... O-O 6. Bd3 (6. Be2 c5 7. O-O dxc4 8. Bxc4 b6 9. Qe2 Bb7 10. Rd1 cxd4
11. Nxd4 Qd7 12. Bd2 Nc6 $5 {[Korchnoi - Kindermann, Zürich 1984]}) 6... dxc4
7. Bxc4 Nc6 8. O-O Bd6 9. Bb5 e5 10. Bxc6 exd4 11. exd4 bxc6 12. Bg5 Re8 13.
Ne5 c5 14. Qf3 cxd4 $5 (14... Rb8 15. Nc6 Bb7 16. dxc5 (16. Nxd8 Bxf3 17. gxf3
cxd4 18. Nc6 dxc3 19. Nxb8 cxb2 20. Rab1 Rxb8 $132) 16... Bxc6 17. Qxc6 Bxh2+
18. Kxh2 Ng4+ {/\ 19...Qxg5}) 15. Qxa8 Bxe5 (15... dxc3 $1 16. Nc6 Bxh2+ $1 17.
Kxh2 $140 Qd6+ 18. Kg1 cxb2 {/\ 19...Ba6}) 16. Ne4 d3 17. Rad1 Bxb2 18. Rd2
Nxe4 19. Bxd8 (19. Qxe4 Rxe4 20. Bxd8 Bd4 21. Bxc7 Ba6 $10) 19... Nxd2 20. Rd1
(20. Qxc8 $2 Nxf1 21. Qd7 Re1 22. h3 d2 23. Bg5 Ba3 $1 24. Bxd2 Nxd2+ 25. Kh2
Bd6+ 26. g3 g6 $17) 20... Nc4 (20... Bg4 $6 21. f3 $6 (21. Qc6 $1 Rxd8 (21...
Re6 $2 22. Qxe6 $1) 22. Rxd2 $16 (22. Rxd2 Bf6 (22... Ba3 23. Qc3) 23. Rxd3 $1)
) 21... Bd4+ 22. Kh1 Ne4 $1 23. fxe4 Bxd1 24. Qd5 c5 $17) 21. Qc6 Rxd8 22. Qxc4
d2 23. Qc2 Bc1 24. Qxc7 Re8 25. h3 h6 26. Kh2 Be6 27. Qxa7 Rd8 28. Qa5 (28. Qc7
Ra8) 28... Rd4 29. Qc3 Rc4 (29... Ra4 {/\ 30...Rxa2}) 30. Qa5 Rd4 31. Qa7 Rc4
32. Qb6 Ra4 33. Qd8+ Kh7 34. Rxd2 Bxd2 35. Qxd2 Rxa2 36. Qe3 1/2-1/2